• 首页
  • 本馆介绍
  • 公告通知
  • 最新文献
  • 馆藏检索
  • 电子资源
  • 读者导购
  • 参考咨询
  • 我的图书馆
  • 登录
  • 详细信息显示
  • 放入我的书架
  • 预约/预借图书
  • 作者相关作品
  • 分类相关作品
  • 丛书相关作品
  • 出版社相关作品

书目信息

  • 表格格式
  • 工作单格式
  • 卡片格式
题名:
代数曲线
    
 
作者: 格列菲斯 著
分册:  
出版信息: 北京   北京大学出版社  1985
页数: 232页
开本: 20cm
丛书名: 北京大学数学丛书
单 册:
中图分类: O187.1
科图分类:
主题词: 拓扑 , 几何 , 代数曲线
电子资源:
ISBN:
000 00734nam2 2200277 45
001 0185016718
005 20060427082451.43
010    @dCNY1.85
091    @a13209.104
100    @a19951108d1985 em y0chiy0121 ea
101 1  @achi@ceng
102    @aCN@b110000
105    @ay z 000yy
200 10 @a代数曲线@Adai shu qu xian@f(美)P·格列菲斯著@F(mei)P·ge lie fei si zhu
210    @a北京@c北京大学出版社@d1985
215    @a232页@d20cm
225 2  @a北京大学数学丛书
410  0 @120010@a北京大学数学丛书
606 0  @a拓扑
606 0  @a几何
606    @a代数曲线
690    @aO187.1@v4
701  1 @a格列菲斯@Age lie fei si@4著
801  0 @aCN@b深圳图书馆@c20060427
801  2 @aCN@bNLC@c20060407
905    @dO187.1@e1
    
    代数曲线/(美)P·格列菲斯著.-北京:北京大学出版社,1985
    232页;20cm.-(北京大学数学丛书)
    
    
    ISBN :CNY1.85
    
●
相关链接 在E读中查询图书 在五车中查询图书 在当当中查询图书 在豆瓣中查询图书


正题名:代数曲线     索取号:O187.1/1         预约/预借

序号 登录号 条形码 馆藏地/架位号 状态 备注
1 0151123   202271139   密集书库/ [索取号:O187.1/1] 在馆    
2 0151124   202271175   密集书库/ [索取号:O187.1/1] 在馆    
3 0151125   202271166   密集书库/ [索取号:O187.1/1] 在馆    
4 0151126   202226545   密集书库/ [索取号:O187.1/1] 在馆    
5 0151127   202271200   密集书库/ [索取号:O187.1/1] 在馆    
6 0151128   000405163   密集书库/ [索取号:O187.1/1] 在馆    
7 0151129   000405154   密集书库/ [索取号:O187.1/1] 在馆    
8 0151130   000405207   第三借阅区/ [索取号:O187.1/1] 在馆    
9 0151131   000405190   密集书库/ [索取号:O187.1/1] 在馆    
10 0225910   000405181   密集书库/ [索取号:O187.1/1] 在馆    
11 0225911   000405145   密集书库/ [索取号:O187.1/1] 在馆    
唐山师范学院图书馆 欢迎您!
大连网信软件有限公司© 版权所有